| 000 | 02032cam a22005174i 4500 | ||
|---|---|---|---|
| 003 | PE-LiUPU | ||
| 005 | 20250731172709.0 | ||
| 008 | 150617s1980 flu r 000 0 eng d | ||
| 035 | _a(Sirsi) a10422 | ||
| 040 |
_aPE-LiUPU _bspa _cPE-LiUPU _dPE-LiUPU _erda |
||
| 049 | _aPRUA | ||
| 082 | 0 | 4 |
_a236 _bM26 _221 |
| 082 | 0 | 4 |
_a236.9 _bM26 _220 |
| 100 | 1 |
_aMarcussen, A. Jan, _eautor. |
|
| 245 | 1 | 0 |
_aNational sunday law / _cA. Jan Marcussen. |
| 264 | 1 |
_aFlorida : _bAmazing Truth Publications, _c1980. |
|
| 300 |
_a94 páginas ; _c20 centímetros |
||
| 336 |
_atext _2rdacontent |
||
| 337 |
_aunmediated _2rdamedia |
||
| 338 |
_avolume _2rdacarrier |
||
| 504 | _aIncluye bibliografía. | ||
| 505 | 0 | _aThe two horned beast -- The beast identified -- Tha beast described -- Dynamite -- The mark of the beast -- The image of the beast -- The global conflict. | |
| 526 | _aSEG42 | ||
| 526 | _aSEG41 | ||
| 526 | _aSEG40 | ||
| 526 | _aSEG39 | ||
| 526 | _aP94 | ||
| 526 | _aP87 | ||
| 526 | _aP86 | ||
| 526 | _aP85 | ||
| 526 | _aP77 | ||
| 526 | _aP76 | ||
| 526 | _aP35 | ||
| 630 |
_aBiblia _pN.T. _pApocalipsis _xProfecías. |
||
| 650 | 0 | 4 | _aLegislación dominical. |
| 910 |
_ajck _bjvq _cjck _d20150616 |
||
| 942 |
_2ddc _cBOOK |
||
| 994 |
_aC0 _bPEPRU |
||
| 596 | _a1 4 | ||
| 999 |
_a236 M26 _wDEWEY _c468 _i00288 _f2021-11-11 _g5 _lCCODEBUL1 _mBUL _r0 _sY _tBOOK _u2015-6-17 _xTEOLOGIA _PP35 _0COMPRA _o.STAFF. Colección General _d468 |
||
| 999 |
_a236 M26 _wDEWEY _c2 _i00423 _f2019-12-11 _g4 _lCCODEBUL1 _mBUL _p20.00 _r0 _sY _tBOOK _u2015-6-17 _xTEOLOGIA _PP35 _0COMPRA _o.STAFF. Colección Teología |
||
| 999 |
_a236.9 M26 1983 _wDEWEY _c1 _iCW64441 _f2021-12-22 _g2 _lCCODECWL1 _mBWL _p12.00 _r1 _sY _tBOOK _u2015-7-6 _xWHITE _zUNKNOWN _o.STAFF. Centro White |
||
| 999 |
_a236.9 M26 1983 _wDEWEY _c2 _iCW00976 _f2021-12-22 _g2 _lCCODECWL1 _mBWL _p20.00 _r0 _sY _tBOOK _u2018-12-7 _xWHITE _zUNKNOWN _0COMPRA _o.STAFF. Centro White |
||
| 980 |
_81 _gALBERTO SANCHEZ Responsable de Automatización |
||